ASEAN economic cooperation and the new international economic order

Kaydedildi:
Detaylı Bibliyografya
Materyal Türü: Kitap
Dil:Undetermined
Baskı/Yayın Bilgisi: Kuala Lumpur Malaysian Economic Association 1980
Konular:
Etiketler: Etiketle
Etiket eklenmemiş, İlk siz ekleyin!
Thư viện lưu trữ: Trung tâm Học liệu Trường Đại học Cần Thơ
LEADER 00561nam a2200169Ia 4500
001 CTU_90134
008 210402s9999 xx 000 0 und d
082 |a 337.1 
082 |b A816 
245 0 |a ASEAN economic cooperation and the new international economic order 
245 0 |c Edited by B.A.R. Mokhzani, Khong Kim Hoong, R.J.G. Wells 
260 |a Kuala Lumpur 
260 |b Malaysian Economic Association 
260 |c 1980 
650 |a International economic relations 
904 |i Bằng,Hải 
980 |a Trung tâm Học liệu Trường Đại học Cần Thơ